000 00767nam a2200229 a 4500
999 _c10737
_d10737
001 10737
003 BD-JhCC
005 20180816131322.0
008 180816s2016 bg |||| |||| 000 0 ben d
020 _a9840756672
035 _a(BD-JhCC)10737
040 _aBD-JhCC
_dBD-JhCC
041 _aben
082 _a491.443
_bBAN 2016
245 _aবাংলা একডেমি আধুনিক বাংলা অভিধান /
_cসম্পাদক জামিল চৌধুরী
250 _a2nd ed.
260 _aঢাকা :
_bবাংলা একডেমি,
_c২০১৬
300 _a১৪৩৪ পৃ. :
_c২১ সেমি.
650 _aDictionaries Bengali
700 _aচৌধুরী, জামিল
942 _2ddc
_cREF